[Event "2015 Calgary Invitational"]
[Site "Calgary"]
[Date "2015.10.30"]
[Round "2"]
[White "Haessel, Dale"]
[Black "Kazmaier, Daniel"]
[Result "1-0"]
[WhiteElo "2195"]
[BlackElo "2220"]
[PlyCount "108"]
[EventDate "2015.10.29"]
[EventType "tourn"]
[EventRounds "9"]
[EventCountry "CAN"]
[SourceDate "2016.04.20"]

1. d4 f5 2. g3 Nf6 3. Bg2 e6 4. c4 c6 5. Nh3 d6 6. Nc3 Be7 7. O-O O-O 8. Qc2 e5
9. dxe5 dxe5 10. e4 Qe8 11. exf5 Qh5 12. Ng5 Ng4 13. h3 Bxg5 14. hxg4 Qxg4 15.
Bxg5 Qxg5 16. Ne4 Qxf5 17. Qb3 Qe6 18. Rad1 Nd7 19. Rd6 Qf7 20. Qc3 Qe7 21.
Rfd1 Nb6 22. b3 Bg4 23. R1d2 Rae8 24. Qa5 Nc8 25. R6d3 Bf5 26. c5 Qf7 27. Qc3
Qg6 28. Re3 Qf7 29. Rde2 Re7 30. Nd2 Bg4 31. f3 Bh5 32. Rxe5 Qf6 33. R2e3 Bg6
34. f4 Rxe5 35. Rxe5 Rd8 36. Kf2 Ne7 37. Ne4 Bxe4 38. Bxe4 Ng6 39. Bxg6 Qxg6
40. Qc4+ Kh8 41. Qe2 h6 42. Re6 Qf5 43. Re8+ Rxe8 44. Qxe8+ Kh7 45. Qe7 b6 46.
cxb6 axb6 {The position looks like a dead draw but play continued:} 47. Ke3 h5
$2 {A mistake that is hard to explain.} ({The simplest way to draw is} 47...
Qh3 {keeping the queens on the board and reminding White about the g3-pawn.})
48. Qe4 $1 {White seizes his chance to get the queens off the board obtaining
a winning pawn endgame. However, the adventures are far from being over.} Qg6 (
{Relatively best is} 48... Kg6 {but here White can change his mind and simply
grab both queenside pawns:} 49. Qxc6+ Kf7 50. Qxb6 {etc.}) 49. Kd4 $2 {After
this mistake Black can get a surprising draw with precise play.} ({White has
several winning moves here; the most accurate one is} 49. a4 $1 {preparing to
create a passer on the queenside.} {White may have been afraid of} c5 {but he
has a relatively simple forced win:} 50. Qxg6+ Kxg6 51. Ke4 Kf6 52. Kd5 Kf5 53.
Kc6 Kg4 54. Kxb6 Kxg3 55. a5 h4 56. a6 h3 57. a7 h2 58. a8=Q {etc.}) 49... c5+
$1 50. Kd5 Qxe4+ 51. Kxe4 Kg6 $2 {What a pity!} (51... Kh6 $3 {intending quick
g7-g5 saves a crucial tempo along with half a point.} {White's best try is} 52.
Kf5 (52. Ke5 g5 {also gives Black sufficient counterplay}) (52. Kd5 g5 53.
fxg5+ $2 {actually loses as Black queens first:} Kxg5 54. Kc6 Kg4 55. Kxb6 Kxg3
56. a4 h4 {etc.}) {which is met by} 52... h4 $3 53. gxh4 Kh5 {with an
inevitable draw.}) 52. a4 {Now the game has transposed to the line given above.
} Kf6 53. Kd5 g5 54. fxg5+ Kxg5 {Black resigned.} ({The game could have
concluded:} 54... Kxg5 55. Kc6 Kg4 56. Kxb6 Kxg3 57. a5 h4 58. a6 {etc.}) 1-0

[Event "2015 Calgary Invitational"]
[Site "Calgary"]
[Date "2015.10.31"]
[Round "3"]
[White "Ng, Gary"]
[Black "Haessel, Dale"]
[Result "1-0"]
[WhiteElo "2182"]
[BlackElo "2195"]
[PlyCount "37"]
[EventDate "2015.10.29"]
[EventType "tourn"]
[EventRounds "9"]
[EventCountry "CAN"]
[SourceDate "2016.04.20"]

1. Nf3 Nf6 2. c4 c5 3. Nc3 d5 4. cxd5 Nxd5 5. d4 cxd4 6. Qxd4 Nxc3 7. Qxc3 Nc6
8. e4 Bg4 9. Bb5 {This whole line looks good for White who achieves an
excellent score in the database. Black, however, is not obligated to lose
quickly.} Rc8 10. O-O a6 11. Ne5 {This move must have come as a surprise for
Black.} ({In this position} 11. Ba4 {is a normal continuation.}) 11... Bd7 $4 {
It's hard to believe but now the game is essentially over.} (11... axb5 {
is a must.} {Actually, after} 12. Nxg4 e6 {Black doesn't have much to worry
about, which doesn't speak very highly of the merit of 11. Ne5.}) 12. Bxc6 $1
Bxc6 13. Qf3 {Black is simply defenceless, and the rest of the game is a
massacre.} f6 14. Qh5+ g6 15. Nxg6 hxg6 16. Qxh8 ({Another good line is} 16.
Qxg6+ Kd7 17. Rd1+ Kc7 18. Bf4+ Kb6 19. Rxd8 {with a decisive advantage.})
16... Bxe4 17. Bh6 Kf7 18. Qh7+ Ke6 19. Rfe1 1-0

[Event "2015 Calgary Invitational"]
[Site "Calgary"]
[Date "2015.11.01"]
[Round "5"]
[White "Shi, Diwen"]
[Black "Kazmaier, Daniel"]
[Result "1-0"]
[WhiteElo "2151"]
[BlackElo "2220"]
[PlyCount "81"]
[EventDate "2015.10.29"]
[EventType "tourn"]
[EventRounds "9"]
[EventCountry "CAN"]
[SourceDate "2016.04.20"]

1. e4 e6 2. d4 d5 3. Nc3 Nf6 4. e5 Nfd7 5. Nf3 c5 6. Bg5 {This
quick-developing move has a mediocre reputation but no direct refutation.
Diwen plays it regularly and this game is an excellent illustration of what
White wants.} Qb6 7. dxc5 Bxc5 8. Qd2 $1 Bxf2+ {Looks tempting but the
following forced sequence ends up well for White.} 9. Qxf2 Qxb2 10. Kd2 Qxa1
11. Bb5 Qxh1 12. Qc5 Qxg2+ 13. Kc1 {White's threats are so strong that Black
is obligated to return all his extra material.} Nc6 14. Bxc6 Qxg5+ 15. Nxg5
bxc6 16. Qxc6 Rb8 17. Nxd5 {So far White has scored 9.5/10 from this position.}
O-O $2 {Now the game is essentially over.} (17... exd5 {is a must although
after} 18. e6 f6 19. Qd6 Rb6 20. exd7+ Bxd7 21. Qxd5 Rf8 22. Ne4 {White has
all the winning chances.}) 18. Ne7+ Kh8 19. Nxc8 Nxe5 20. Qe4 $1 f5 21. Qxe5
Rbxc8 22. Nxe6 Rf6 23. Nf4 {The rest is a matter of technique.} Rcf8 24. h4 Kg8
25. Qd5+ Kh8 26. h5 Re8 27. Qd7 Ref8 28. Ne6 Rxe6 (28... Rg8 {doesn't prevent}
29. Nxg7 $1 {in view of} Rxg7 30. Qd8+) 29. Qxe6 f4 30. Qe7 Kg8 31. Qxa7 f3 32.
Qf2 h6 33. a4 g5 34. hxg6 Kg7 35. a5 Kxg6 36. a6 Kg5 37. Qc5+ Rf5 38. Qf2 Kg4
39. a7 Rf8 40. Qd4+ Kh3 41. Qg7 1-0

[Event "2015 Calgary Invitational"]
[Site "Calgary"]
[Date "2015.11.03"]
[Round "8"]
[White "Ng, Gary"]
[Black "Bakre, Tejas"]
[Result "0-1"]
[WhiteElo "2182"]
[BlackElo "2438"]
[PlyCount "200"]
[EventDate "2015.10.29"]
[EventType "tourn"]
[EventRounds "9"]
[EventCountry "CAN"]
[SourceDate "2016.04.20"]

1. Nf3 c5 2. c4 Nc6 3. Nc3 Nf6 4. g3 d6 5. d4 cxd4 6. Nxd4 g6 7. Bg2 Bd7 8. Nc2
Bg7 9. O-O O-O 10. b3 a6 11. Bb2 Qa5 12. Nd5 Nxd5 13. Bxg7 Nc3 14. Bxc3 Qxc3
15. Ne3 Be6 16. Qc1 Qe5 17. Rd1 {White has obtained a fairly standard pleasant
position out of the English opening. At this point Black must decide where to
put his rooks.} Rfc8 {Apparently, intending a quick b7-b5.} ({As it often
happens, the computer advocates} 17... Rac8 $5 {instead.}) 18. Qd2 {A good
move provoking Black's next.} b5 $6 {Black must have underestimated the
opponent's reply.} 19. Rac1 {Now the pinned c6-knight creates tactical
problems.} Bd7 $2 {This makes the situation worse.} ({For example,} 19... bxc4
20. Nxc4 Bxc4 21. Rxc4 Na5 22. Re4 {and Black loses material.}) ({Unpinning
the knight by means of} 19... Rab8 {may be the lesser evil.}) 20. c5 $1 {
Natural and strong. Black is in serious trouble.} Rab8 21. cxd6 e6 $2 {A
desperate attempt to muddy the waters.} ({After} 21... exd6 22. Qxd6 Qxd6 23.
Rxd6 {White's material and positional advantage in the endgame is decisive.})
22. Ng4 Qg7 23. Bxc6 {The simplest continuation clearing the way for the
passed pawn.} Rxc6 24. Rxc6 Bxc6 25. d7 Rd8 {The critical position of the game.
White has played with great energy so far and is very close to a win.} 26. Qa5
$2 {What a pity!} ({White just needed a slight finesse:} 26. Nh6+ $1 Kh8 {
, then} 27. Qa5 {wins on the spot.} {Black has nothing better than} Rxd7 28.
Qd8+ Rxd8 29. Rxd8+ Qf8 30. Rxf8+ Kg7 31. Rc8 {when White ends up being up a
whole rook.}) 26... Rxd7 27. Qd8+ Rxd8 28. Rxd8+ Qf8 29. Nf6+ Kg7 30. Rxf8 Kxf8
31. Nxh7+ {Now White is up a measly pawn but his misadventures are not over
yet.} Ke7 32. Ng5 f6 33. Nf3 Kd6 {The black king has become active, and White
faces difficult decisions.} 34. a3 {This doesn't prevent the king from
penetrating; now White is suddenly forced to play precisely to hold equality.}
({The computer recommends} 34. Ne1 Kc5 35. Nd3+ {which slows Black's
counterplay down.} {After} Kd4 36. h4 {the threat of quickly creating a passed
pawn on the kingside keeps White's winning hopes alive.}) 34... Kc5 35. Kf1 b4
36. a4 $2 {Unfortunately, the losing move.} ({Correct is} 36. axb4+ Kxb4 37.
Nd2 Bd5 38. h4 {which leads to almost the same queen endgame except that the
number of pawns is even:} a5 39. g4 Bxb3 40. Nxb3 Kxb3 41. h5 gxh5 42. gxh5 a4
43. h6 a3 44. h7 a2 45. h8=Q a1=Q+ {After} 46. Kg2 {a handshake is in order.})
36... Bxf3 $1 {GMs don't miss chances like this.} 37. exf3 Kd4 38. h4 Kc3 39.
g4 Kxb3 40. h5 gxh5 41. gxh5 Kxa4 42. h6 b3 43. h7 b2 44. h8=Q b1=Q+ 45. Kg2
Qg6+ 46. Kh2 a5 {The game lasted 100 moves but Black's extra pawn eventually
decided the outcome.} 47. Qb8 Qh5+ 48. Kg2 Qg5+ 49. Kh3 Qd5 50. Qf4+ Kb3 51.
Qe3+ Kc4 52. Qc1+ Kb5 53. Qb2+ Ka6 54. Qe2+ Kb6 55. Qe3+ Kc6 56. Qa3 Qb5 57.
Kg2 Qb4 58. Qe3 Qc4 59. Qh6 a4 60. Qxf6 a3 61. Qd8 a2 62. Qa8+ Kc5 63. Qa5+ Kc6
64. Qa8+ Kb5 65. Qb7+ Ka4 66. Qa7+ Kb3 67. Qe3+ Kc2 68. Qe5 Qa6 69. Qc5+ Kb3
70. Qe3+ Kb4 71. Qd4+ Qc4 72. Qb6+ Kc3 73. Qe3+ Kc2 74. Qe5 Qd5 75. Qe2+ Kb3
76. Qe3+ Kc4 77. Qc1+ Kb5 78. Qb2+ Kc6 79. Qc3+ Qc5 80. Qf6 Qc4 81. Qe5 Kb7 82.
Qb2+ Ka6 83. Qe5 Qd5 84. Qe2+ Ka7 85. Qb2 e5 86. Qa3+ Kb6 87. Qb4+ Kc7 88. Qe7+
Kc6 89. Qe8+ Kc5 90. Qe7+ Kb5 91. Qa3 Qg8+ 92. Kf1 Qc4+ 93. Kg2 Qc2 94. Qa7
Qg6+ 95. Kh2 Qa6 96. Qd7+ Kc4 97. Qc7+ Kd3 98. Qh7+ Kd2 99. Qd7+ Ke2 100. Qf5
a1=Q 0-1

[Event "2015 Edmonton Fall Sectional A"]
[Site "Edmonton"]
[Date "2015.11.06"]
[Round "1"]
[White "Zeggelaar, Mike"]
[Black "Villavieja, Butch"]
[Result "1-0"]
[WhiteElo "2069"]
[BlackElo "2172"]
[PlyCount "133"]
[EventDate "2015.11.06"]
[EventType "tourn"]
[EventRounds "5"]
[EventCountry "CAN"]
[SourceDate "2016.04.20"]

1. e4 d6 2. d4 g6 3. Nc3 Bg7 4. f4 Nc6 5. Be3 Nf6 6. Nf3 d5 7. e5 Ng4 8. Qd2
Nxe3 9. Qxe3 a6 10. a3 Bg4 11. Be2 e6 12. O-O Ne7 13. Nd2 h5 14. Nf3 Nf5 15.
Qd2 Qe7 16. Nd1 c5 17. c3 Bh6 18. Kh1 Rc8 19. b4 c4 20. Ra2 h4 21. Kg1 Qd8 22.
Ne1 Bxe2 23. Qxe2 g5 24. fxg5 Qxg5 25. Qf3 Rh7 26. Qh3 Kd7 27. Raf2 Kc7 28. Nf3
Qe7 29. Ne1 Rg8 30. Nc2 Qg5 31. Rf3 Rhg7 32. R3f2 Kb8 33. a4 Qg6 34. a5 {
In this complex position Black has strong initiative on the kingside. Instead,}
Bc1 $2 {gave the opponent a chance to exchange pieces and obtain a
satisfactory position.} ({and could have increased the pressure by means of} 
34... Qh5 $1 35. Nce3 Ng3 $1 36. Re1 (36. hxg3 Rxg3 37. Qh2 Rxe3 38. Nxe3 Bxe3
{is even worse}) 36... Ne4 {with various threats.}) 35. Nde3 Bxe3 36. Nxe3 Ng3
$2 {It is tempting for Black to open up the h-file and to create threats
against the enemy king. Objectively, however, this piece sacrifice is unsound.}
({There is nothing wrong with} 36... Nxe3 37. Qxe3 Qh7 {when the position is
equal.}) 37. hxg3 hxg3 38. Rf6 Qd3 39. R1f3 Rh7 ({Black was clearly not
satisfied with} 39... Qxc3 40. Nf5 Qd2 41. Nxg7 Qxd4+ 42. Kh1 Rxg7 43. Rxg3
Rxg3 44. Qxg3 {with a rook less} {although after} c3 {his passed pawns give
him practical chances.}) 40. Rh6 $2 {It's hard to award a question mark to
this natural move but it does give Black a chance to pick up a couple of pawns
and to get back into the game.} ({Actually, White had a great defensive
intermezzo} 40. Nf1 $3 {winning on the spot.} {After} Qb1 41. Rh6 {Black has
absolutely nothing to show for the piece.}) 40... Rgh8 $2 {Black is probably
still hoping to get something going along the h-file. Mistakes on move 40 are
understandable though as both players must have been very short of time.} ({
Correct is} 40... Rxh6 41. Qxh6 Qxc3 {and the battle begins anew. Black may be
able to pick up more pawns and his c4-passer is strong.}) 41. Ng4 $2 {On the
other hand, mistakes on move 41 are not so easily excusable.} ({After} 41. Rxh7
$1 Rxh7 42. Qxg3 {Black can resign as the c3-pawn is taboo because of a cheque
on g8.}) 41... Rxh6 42. Nxh6 Qd1+ 43. Rf1 Qd2 44. Qxg3 Qxh6 45. Rxf7 Qh1+ 46.
Kf2 Ka7 {Black took full advantage of the opponent's mistake on move 41.
White's extra pawn is insufficient to win because of his exposed king and a
weak c3-pawn.} 47. Qg5 Rh5 $2 {A grave error as White achieves an exchange of
rooks under favorable circumstances.} ({The computer indicates that Black has
a lot of moves maintaining equilibrium including} 47... Rb8) ({The most
curious line is} 47... Qa1 48. Rxb7+ Ka8 $1 {and White is somehow unable to
avoid a perpetual check.}) 48. Qe7 Rf5+ {Black correctly keeps the queens on
the board and hopes for a perpetual check.} (48... Qh4+ 49. Qxh4 Rxh4 50. Rf6 {
is completely lost.}) 49. Rxf5 exf5 50. Qc5+ Kb8 51. Qf8+ Ka7 52. Qxf5 Qd1 53.
Qf3 Qd2+ 54. Kg3 Qg5+ 55. Kh3 Qh6+ 56. Kg4 Qg6+ 57. Kf4 Qh6+ 58. Kf5 Qh7+ $2 {
The final mistake.} ({After} 58... Qf8+ {White's win is far from obvious.} 59.
Kg5 Qg7+ 60. Kh4 Qh6+ 61. Qh5 {looks like the best way to continue. However,
Black may be able to win a c3-pawn creating counterplay.}) 59. Kf6 {Now the
game is over.} Qh6+ 60. Ke7 Qg7+ 61. Qf7 Qxg2 62. Kd6 Qd2 63. Qxd5 Qxc3 64.
Qc5+ Ka8 65. Kc7 ({After} 65. Qc8+ Ka7 66. Kc7 {a checkmate in 1 is inevitable
but it doesn't matter.}) 65... Qf3 66. Qxc4 Qf8 67. Qe6 {An extremely tense
battle!} 1-0

[Event "2015 Edmonton Fall Sectional A"]
[Site "Edmonton"]
[Date "2015.11.07"]
[Round "2"]
[White "Briones, Dante"]
[Black "Zeggelaar, Mike"]
[Result "0-1"]
[WhiteElo "1996"]
[BlackElo "2069"]
[PlyCount "48"]
[EventDate "2015.11.06"]
[EventType "tourn"]
[EventRounds "5"]
[EventCountry "CAN"]
[SourceDate "2016.04.20"]

1. e4 c5 2. Nf3 d6 3. d4 cxd4 4. Nxd4 Nf6 5. Nc3 g6 6. f4 Bg7 7. Be2 O-O 8. Be3
Nc6 9. Nb3 a5 10. a4 Be6 11. O-O Bxb3 {This is possible but I'd rather keep
the bishop pair for the time being.} ({The most popular continuation} 11... Rc8
) 12. cxb3 Rc8 13. Qd2 ({The natural} 13. Bc4 {establishing control over the
light squares looks good for White.}) 13... Nb4 14. Rfd1 $2 {Hard to believe
but it's a serious mistake.} ({White should prefer} 14. Bf3 {reinforcing the
center.}) 14... Rxc3 $1 {Black is always on a lookout for this typical
exchange sacrifice in the Sicilian. In this case it turns out that the
sacrifice is only temporary.} 15. Qxc3 ({Even worse is} 15. bxc3 Nxe4 16. Qc1
Nxc3 {and Black wins material.}) 15... Nfd5 16. exd5 $2 {The queen sacrifice
is unsound.} ({White has to play} 16. Qd2 Nxe3 17. Qxe3 Nc2 18. Qf3 Nxa1 19.
Rxa1 Bxb2 {He is down a pawn but the opposite color bishops give him decent
drawing chances.}) 16... Bxc3 17. bxc3 Nc2 {The rest of the game requires no
comments.} 18. Bd4 Nxa1 19. Rxa1 e5 20. fxe5 dxe5 21. Bc5 Qxd5 22. b4 Rc8 23.
Bb6 axb4 24. cxb4 Qd2 0-1

[Event "2015 Edmonton Invitational"]
[Site "Edmonton"]
[Date "2015.11.09"]
[Round "6.2"]
[White "Gardner, Robert"]
[Black "Sevillano, Enrico"]
[Result "0-1"]
[WhiteElo "2160"]
[BlackElo "2464"]
[PlyCount "138"]
[EventDate "2015.11.06"]
[EventType "tourn"]
[EventRounds "9"]
[EventCountry "CAN"]
[SourceDate "2016.04.20"]
[WhiteClock "0:21:17"]
[BlackClock "0:04:21"]

1. d4 Nf6 2. c4 c5 3. d5 e6 4. Nc3 exd5 5. cxd5 d6 6. e4 g6 7. Nge2 Bg7 8. Ng3
O-O 9. Be2 Na6 10. O-O Re8 11. f3 Nc7 12. Bg5 h6 13. Be3 Rb8 14. a4 a6 15. Qd2
Kh7 16. Rab1 b5 17. axb5 Nxb5 18. Nxb5 axb5 19. b4 c4 20. Bd4 h5 21. Ra1 h4 22.
Nh1 Bh6 23. Qb2 Nh5 24. Ra7 Kg8 25. Rfa1 Rb7 26. Rxb7 Bxb7 27. Ra5 Qd7 28. Nf2
f5 29. Bf6 $2 Rf8 $2 30. Bd4 Re8 31. Ra7 Ra8 32. Rxa8+ Bxa8 33. Qa3 Qe8 {
After a tense middlegame battle Black achieved a better position thanks to his
strong passed pawn. His problem is a passive light-squared bishop; with his
last move (33...Qe8) Black intends to take the d5-pawn and to bring the
problem bishop to life.} 34. Qa6 {White ignores the threat and tries to create
his own play.} Bxd5 35. Qxd6 Bf7 36. Bf1 $6 {With a threat of taking on f5 but
Black can easily parry it.} ({More natural is} 36. Bc3 {protecting the
important b4-pawn.}) 36... Bf8 {Black is tempted by the b4-pawn but the bishop
excursion gives White a sudden resource.} ({Instead,} 36... Bf4 $1 {deserves
serious attention.} {The idea is to exchange queens after} 37. Qb6 Qb8 $1 {
with a large advantage in the endgame.}) 37. Qb6 Bxb4 $2 {As planned.} ({
Nevertheless, correct is} 37... Qd7 {maintaining a firm grip on the position.})
38. exf5 gxf5 39. Qh6 $1 {Quite an unpleasant move to see right before the
time control.} Bg6 {There is nothing else.} 40. g4 $2 {White has the right
idea but the execution gives the opponent a crucial tempo to organize the
defence.} ({During the game both players either missed or underestimated} 40.
Nh3 $1 {but the strength of this move became obvious in the post-mortem
analysis.} {Black's best is} Bh7 $1 {while the other continuations are
unsatisfactory.} ({For example,} 40... Bf8 41. Qh8+ Kf7 42. Ng5+ Ke7 43. Qe5+
Kd7 44. Qxb5+ Kd6 45. Qc5+ Kd7 46. Qxc4 {and the black king is in big trouble.}
) {White can continue his attack with} 41. Nf4 $1 Qd7 42. Qg5+ Kf8 43. Ne2 {
with play for all three possible results.}) 40... hxg3 41. hxg3 Bf8 $1 {
The key defensive resource. The bishop is back, and White's attack is repelled.
} 42. Qh8+ Kf7 {Black is going to consolidate soon and GM Sevillano gradually
converted his advantage into a full point.} 43. Nh3 Be7 44. Qe5 Qd7 45. Bf2 Bf6
46. Qc5 Kg7 47. f4 Nxg3 48. Bg2 Ne4 49. Bxe4 fxe4 50. Ng5 c3 51. Kh2 Bf5 52.
Be3 Bg6 53. Kg3 Bf5 54. Kf2 Bh7 55. Kg3 Bg6 56. Kf2 Qf5 57. Qc7+ Kh6 58. Ke1
Kh5 59. Qc6 b4 60. Qc4 Qg4 61. Nxe4 Bxe4 62. Qxe4 Bh4+ 63. Kf1 Qd1+ 64. Kg2
Qe2+ 65. Kh1 Kg4 66. Qe6+ Kg3 67. Qg6+ Kf3 68. Bg1 Qe4 69. f5 Bg3 0-1

[Event "2015 WBX Team Tournament"]
[Site "Edmonton"]
[Date "2015.12.12"]
[Round "3"]
[White "Villavieja, Butch"]
[Black "Nguyen, Kim"]
[Result "0-1"]
[WhiteElo "2179"]
[BlackElo "2100"]
[PlyCount "108"]
[EventDate "2015.12.12"]
[EventType "tourn"]
[EventRounds "5"]
[EventCountry "CAN"]
[SourceDate "2016.04.20"]

1. e4 c5 2. Nf3 d6 3. d4 cxd4 4. Nxd4 Nf6 5. Nc3 a6 6. Bg5 Nbd7 7. Qd2 h6 8.
Bh4 e6 9. Be2 Nc5 10. f3 b5 11. Bf2 Qc7 12. a3 Bd7 13. O-O Be7 14. Nb3 Na4 15.
Nxa4 bxa4 16. Nd4 O-O 17. b4 axb3 18. cxb3 e5 19. Nc2 Be6 20. Rfc1 Qb7 21. Bc4
d5 22. exd5 Bxd5 23. Nb4 Bxc4 24. Rxc4 Rfc8 25. Rac1 Rxc4 26. Rxc4 Rc8 27.
Rxc8+ Qxc8 {The position looks approximately equal. However, if turns out that
if Black manages to carry out e5-e4, he will be able to create threats against
the enemy king and to obtain winning chances.} 28. Qc2 $1 {White prevents
e5-e4 for the time being.} Qe6 29. Qc4 Qf5 {Correct.} (29... Bxb4 30. Qxb4 e4
31. fxe4 Nxe4 32. Be3 {is insufficient for advantage.}) 30. Qc2 {Same idea but
now Black has a strong reply.} (30. Qxa6 {doesn't win a pawn in view of} Qb1+
31. Qf1 Qxb3 {In fact, White is likely to lose the a3-pawn as well.}) 30... e4
$1 31. Nxa6 Qe5 {threatening checkmate} 32. Bc5 $2 {This natural attempt to
trade off pieces to lessen the opponent's attack doesn't work here.} ({The
computer advocates} 32. Qc8+ Kh7 33. Qc1 {preventing e4-e3.} {Nevertheless,
after} exf3 34. gxf3 Qf5 35. Qe3 Bxa3 {Black restores material equality and
can play on for a win.}) 32... e3 {A very tempting continuation but Black can
develop a lethal attack instead.} ({After} 32... exf3 $1 33. gxf3 Bxc5+ 34.
Nxc5 Qe1+ 35. Kg2 Nd5 {the queen+knight tandem turns out to be deadly.} {
For example,} 36. Qf2 Nf4+ 37. Kg3 Qe5 38. h4 Ne6+ {winning a piece.}) 33. Kf1
Bxc5 34. Qxc5 $2 {This turns out to be the decisive mistake.} ({Bringing the
knight back into play} 34. Nxc5 {is necessary.} {Certainly,} Qxh2 {looks
uncomfortable for White but he may be able to hold after} 35. Qc4 $1) 34... Nd5
$1 35. Qc8+ Kh7 36. Qc2+ g6 37. g3 Qf6 38. Qe2 Qd4 39. Nb4 Nc3 40. Qe1 e2+ {
This is enough for a win.} ({However,} 40... Qd2 $1 {would seal the deal
immediately.}) 41. Kg2 Qe3 42. Nc2 Qd3 43. Nb4 Qd1 44. Kf2 Qxb3 45. Nd3 Qxa3
46. Kg2 Qb3 {White cannot hold this position for long as Black has too many
various threats.} 47. h4 Qc2 48. Nf2 Nd1 49. Ng4 h5 50. Nf6+ Kg7 51. Ne4 f6 52.
Nd2 Qd3 53. Ne4 Qe3 54. Nd2 Nb2 0-1